00403nam a2200121Ia 4500008004100000024004500041082001800086100005900104245003000163260002500193600002500218650003800243250506s9999 xx 000 0 und d a15B -058-SE, 15B-038-SE & 15B-081-SE a005.19211 ZAI aZain Noman Farooq, Maryam Badar & Muhammad Ramzan Raza 0aNews Summarization System aKarachi:bUIT,c2005 aSoftware Engineering aBachelor of Computer Science (BS)